Unpopulous Neighbors Quiz Stats

 Plays Quiz Updated Feb 13, 2019

Challenge
Share
Tweet
Embed
Score 0/30 Timer 07:00
2 Plays Today
# Country % Correct
4Haiti (10,734,247)
77.5%
1United Kingdom (5,011,102)
76.9%
3Dominican Republic (10,646,714)
72.9%
5Sweden (10,838,416)
72.1%
2Costa Rica (9,779,093)
71.9%
20Honduras (27,658,694)
71.2%
8Nicaragua (13,968,999)
70.8%
15El Salvador (24,499,473)
68%
16South Korea (25,248,140)
67.4%
6Kosovo (12,905,282)
60%
13Montenegro (20,202,537)
58.9%
27Indonesia (39,583,051)
58.7%
10Albania (15,409,998)
58.4%
25 (tie)Yemen (33,185,011)
57.3%
22North Macedonia (29,924,248)
56.6%
# Country % Correct
14Croatia (23,432,726)
56.4%
9The Gambia (14,668,522)
54.3%
7Bosnia and Herzegovina (12,045,669)
53.6%
25 (tie)United Arab Emirates (33,185,011)
51.9%
21Qatar (28,571,770)
50.3%
19Guinea-Bissau (27,082,389)
47%
26Senegal (37,901,384)
46.3%
28Liberia (42,761,872)
43.4%
17Lebanon (26,328,255)
42.1%
29Tunisia (47,622,653)
41.3%
12Sierra Leone (17,102,888)
41.2%
11Liechtenstein (16,990,716)
40.8%
18Equatorial Guinea (26,767,140)
38.9%
23Gabon (30,727,917)
37.4%
24Brunei (31,381,992)
33.6%

You're not logged in!

Compare scores with friends on all Sporcle quizzes.
OR
Log In

You Might Also Like...

Show Comments

Extras

Top Quizzes Today


Score Distribution

Your Account Isn't Verified!

In order to create a playlist on Sporcle, you need to verify the email address you used during registration. Go to your Sporcle Settings to finish the process.

Report this User

Report this user for behavior that violates our Community Guidelines.

Details: